| 000 | 00811nam a2200277Ia 4500 | ||
|---|---|---|---|
| 001 | Para_9902 | ||
| 003 | CHAP | ||
| 008 | 220125s2012 xx 000 0 und d | ||
| 010 | _a205284 | ||
| 020 | _a978 - 1 - 4443 - 3759 - 4 | ||
| 040 | _cCHAP | ||
| 082 | _aPA 595.7 I57 2012 | ||
| 245 |
_aInsect Outbreaks Revisited / _c Pedro Barbosa, Deborah K. Letourneau, Anurag A. Agrawal |
||
| 260 |
_aMalaysia : _b Wiley - Blackwell |
||
| 300 | _a465 p. | ||
| 500 | _aIncluye referencias bibliográficas e índice | ||
| 650 |
_aInsectos _x Ecología _9171299 |
||
| 650 |
_aPoblaciones de insectos _9171300 |
||
| 901 | _aPA 595.7 I57 2012 | ||
| 902 | _aM | ||
| 905 | _a3232202012 8000000300 06 | ||
| 910 | _a2012 | ||
| 942 | _cPARA | ||
| 942 |
_cPARA _d1 |
||
| 999 |
_c205284 _d205284 |
||